Statistics for Newport Beach City Quiz

Click here to take the quiz!

General Stats

  • This quiz has been taken 6 times
  • The average score is 14 of 23

Answer Stats

HintAnswer% Correct
Name one of the two public high schools located in Newport Beach.Newport Harbor / Corona del Mar
100%
What is the name of the pier located at 20th Street?Newport Pier
100%
Name one of the four yacht clubs in Newport?Newport Yacht Club / Bahia Corinthian Yacht Club / Balboa Yacht Club / Lido Island Yacht Club
100%
What county is Newport Beach located in?Orange County
100%
What is the name of the pier located at A Street?Balboa Pier
80%
What is the name of the lifeguard who heroically passed away while making a rescue on July 6, 2014?Ben Carlson
80%
What is the name of the airport located in Newport Beach?John Wayne Airport
80%
Name either of the large residential islands located in the middle of Newport Harbor.Lido Island / Balboa Island
80%
What nonprofit has won multiple youth rowing championships and also rents kayaks and paddleboards to the public?Newport Aquatic Center
80%
What is the Newport Beach area code?949
60%
What beach is known for its smaller, rolling waves and big parking lot? (Hint: Many people learn to surf here)Blackies
60%
What event famously happens around Christmastime in Newport?Christmas Boat Parade
60%
What is the name of the school located on the beach at 15th Street?Newport Elementary
60%
What highway runs along the entire coast of Newport?Pacific Coast Highway
60%
What beach is famous for its massive shorebreak waves?The Wedge
60%
What neighborhood did the city of Newport Beach annex after a long legal battle with Costa Mesa in 2008?West Santa Ana Heights
60%
What city will you be in if you cross the Santa Ana River?Huntington Beach
40%
How long is the waitlist to buy a mooring in Newport Harbor?30 years
20%
What is the name of the Newport Beach City Councilman who named his line of boats after himself?Duffy Duffield
20%
The Newport to _________International Yacht Race is the largest sailboat race in the world.Ensenada
20%
Who is the Congressperson representing Newport Beach?Katie Porter
20%
Name one of the two popular television shows that takes place in Newport.Real Housewives of Orange County / Arrested Development
20%
And which famous DJ graduated from one of these high schools?Steve Aoki
20%

Score Distribution

Percentile by Number Answered

Percent of People with Each Score

Your Score History

You have not taken this quiz